Svět výchovy a vzdělávání v reflexi současného pedagogického výzkumu : sborník anotací XV. konference České asociace pedagogického výzkumu s mezinárodní účastí ... : České Budějovice 12.-14. září 2007 /

Korporativní autor: Jihočeská univerzita. Pedagogická fakulta. Katedra pedagogiky a psychologie
Další autoři: Svět výchovy a vzdělávání v reflexi současného pedagogického výzkumu (konference), Jandová, Renata, 1964-, Česká asociace pedagogického výzkumu
Jazyk: Čeština
Angličtina
Vydáno: České Budějovice : Jihočeská univerzita, 2007
Témata:
Externí odkaz: Digitalizovaný dokument
Fyzický popis: 132 s. ; 25 cm
Language note: Souběžný anglický text
Knihy
Uloženo v:
LEADER 02514nam a2200541 a 4500
001 nkc20071750227
003 CZ PrNK
005 20071221151545.0
007 ta
008 071101s2007 xr f 100 0 cze
015 |a cnb001750227 
020 |a 978-80-7040-987-9  |q (brož.) 
035 |a (OCoLC)190752699 
040 |a ABA001  |b cze 
041 1 |a cze  |a eng  |h cze 
072 7 |a 37  |x Výchova a vzdělávání  |2 Konspekt  |9 22 
080 |a 37.0  |2 MRF 
080 |a 37.012  |2 MRF 
080 |a (062.534)  |2 MRF 
080 |a (048.2)  |2 MRF 
111 2 |a Svět výchovy a vzdělávání v reflexi současného pedagogického výzkumu (konference)  |d (2007 :  |c České Budějovice, Česko)  |7 kn20071102004 
245 1 0 |a Svět výchovy a vzdělávání v reflexi současného pedagogického výzkumu :  |b sborník anotací XV. konference České asociace pedagogického výzkumu s mezinárodní účastí ... : České Budějovice 12.-14. září 2007 /  |c editor Renata Jandová 
246 3 0 |a XV. konference České asociace pedagogického výzkumu 
246 3 0 |a 15. konference České asociace pedagogického výzkumu 
246 3 0 |a Konference České asociace pedagogického výzkumu 
246 3 0 |a Sborník anotací XV. konference České asociace pedagogického výzkumu 
260 |a České Budějovice :  |b Jihočeská univerzita,  |c 2007 
300 |a 132 s. ;  |c 25 cm 
500 |a Na obálce nad názvem: Sigillium Universitatis Bohemiæ Meridionali, Česká asociace pedagogického výzkumu 
500 |a 300 výt. 
546 |a Souběžný anglický text 
650 0 7 |a výchova a vzdělávání  |7 ph127419  |2 czenas 
650 0 7 |a pedagogický výzkum  |7 ph124017  |2 czenas 
650 0 9 |a education  |2 eczenas 
650 0 9 |a educational research  |2 eczenas 
655 7 |a sborníky konferencí  |7 fd133333  |2 czenas 
655 7 |a anotace  |7 fd131816  |2 czenas 
655 9 |a proceedings of conferences  |2 eczenas 
655 9 |a annotations  |2 eczenas 
700 1 |a Jandová, Renata,  |d 1964-  |7 mzk2005300659  |4 edt 
710 2 |a Jihočeská univerzita.  |b Pedagogická fakulta.  |b Katedra pedagogiky a psychologie  |7 ko20010091849 
710 2 |a Česká asociace pedagogického výzkumu  |7 kn20030310005 
856 4 1 |u http://www.digitalniknihovna.cz/mzk/uuid/uuid:66484b90-551c-11e9-936e-005056827e52  |y Digitalizovaný dokument  |x NDK 
910 2 |a BOA001  |b 3-1194.247 
990 |a BK 
995 |a 01 
991 |b 200711  |c NOV 
996 6 |b 2610324555  |c 3-1194.247  |l MZK  |r Sklad / do 1 hodiny  |n 12  |p p.v.  |w 000874398  |u 000010  |a 1  |e BOA001  |j MZK50  |s P